| 000 | 00358nam a2200133Ia 4500 | ||
|---|---|---|---|
| 005 | 20260326100032.0 | ||
| 008 | 260326s9999||||xx |||||||||||||| ||und|| | ||
| 100 | _aMolina de Line, María | ||
| 245 | 0 |
_aCosta Rica : _b Monumentos Históricos y Arqueológicos / _cMaría Molina de Line |
|
| 260 | _bFournier | ||
| 300 | _a60 p. | ||
| 650 | _aARTE | ||
| 942 | _cBK | ||
| 999 |
_c6642 _d6642 |
||